| 000 | 02017nem0a2200361 4500 | ||
|---|---|---|---|
| 001 | RU\NLR\BIBL_A\011476484 | ||
| 005 | 20250626073858.0 | ||
| 035 | _a(NLR Aleph) 011476484 | ||
| 090 |
_a11876554 _c11876554 |
||
| 100 | _a20170919d1885 |||y0rusy50 ca | ||
| 101 | 0 | _arus | |
| 102 | _aRU | ||
| 120 | _abyy xx|| | ||
| 123 | 1 |
_aа _b1 050 000 |
|
| 135 | _acrcn 024anaba | ||
| 200 | 1 |
_aКарта Новгородской губернии _bКарты |
|
| 206 | _a1:1 050 000, 25 вёрст в дюйме (10 км в 1 см), граф. м-б в вёрстах | ||
| 210 |
_aСанкт-Петербург _cКартографическое заведение А. Ильина _d[188?] |
||
| 215 |
_a1 к _c2 цв. _d46х54 см |
||
| 325 | 1 | _aКопия доступна в электронной библиотеке РНБ | |
| 327 | 1 | _aДоп. карты: Карта Тихвинскаго воднаго пути между г. Тихвиным и р. Чагодощею; Карта воднаго пути герц. Александра Вюртембергскаго.-1: 840 000; Карта Мариинскаго воднаго пути.-1:840 000; План г. Новгорода | |
| 509 | 0 | 1 |
_7ca _aНовгородская _hгуберния _92635248 _3RU\NLR\auth_crt\552080 |
| 607 |
_aНовгородская губерния _jКарты _91716892 _3RU\NLR\AUTH\66765830 |
||
| 608 |
_aОбщегеографические карты мелкомасштабные _92622600 _3RU\NLR\AUTH\661559160 |
||
| 702 | 1 |
_aИльин _bА. А. _f1834-1889 _gАлексей Афиногенович _4650 |
|
| 852 |
_aNLR _bК _j3-Зап 2/132 _m15809 |
||
| 901 | _eКартографические материалы | ||
| 942 | _cMAP | ||
| 980 | _aNB | ||
| 980 | _aNOVG | ||
| 981 | 1 | 9 | _a(19) Картографические материалы |